AFI's 100 Years... 100 Thrills - Statistics

General Stats
  • This quiz has been taken 1,392 times
    1,318 since last reset
  • The average score is 38 of 100
Answer Stats
Rank Hint Answer % Correct
2 Shark Jaws
99%
1 Shower Psycho
96%
11 Mafia The Godfather
88%
6 Ripley Alien
87%
52 Boxing too Rocky
84%
5 Chianti The Silence Of The Lambs
81%
27 Stormtrooper Star Wars
78%
51 Boxing Raging Bull
68%
66 Red Pill The Matrix
67%
4 Rushmore North by Northwest
63%
45 Omaha Beach Saving Private Ryan
61%
42 Skynet The Terminator
61%
43 Kansas The Wizard Of Oz
61%
37 Morocco Casablanca
60%
21 Droogs A Clockwork Orange
59%
85 Lugosi Dracula
59%
53 Marcellus Pulp Fiction
59%
23 O'Toole Lawrence of Arabia
58%
81 Damien The Omen
57%
9 Pregnancy Rosemary's Baby
56%
76 Davis & Sarandon Thelma & Louise
56%
99 Bus Speed
55%
22 Bickle Taxi Driver
54%
100 Sherwood The Adventures Of Robin Hood
54%
62 Gladiator Spartacus
53%
7 Hedren The Birds
53%
25 Boat Titanic
53%
30 Russian Roulette The Deer Hunter
52%
18 Acrophobia Vertigo
52%
3 Pazuzu The Exorcist
49%
91 Scotland Braveheart
48%
33 Kimble The Fugitive
48%
29 Overlook The Shining
48%
14 Photographer Rear Window
44%
74 Replicants Blade Runner
43%
72 Military Unit Platoon
43%
10 Jones Raiders Of The Lost Ark
43%
46 Telekinesis Carrie
41%
59 Statue Of Liberty Planet of the Apes
41%
49 Jerusalem Ben-Hur
38%
56 Alive Frankenstein
38%
15 Squeal Deliverance
36%
35 Amber Jurassic Park
35%
32 Exchanging murders Strangers On A Train
35%
77 Sequel of 42 Terminator 2 : Judgement Day
35%
79 Kurosawa Remake The Magnificent Seven
35%
60 "He was [Blank] the whole time !" The Sixth Sense
35%
88 Trial 12 Angry Men
34%
13 Barrow Bonnie And Clyde
34%
57 Nixon All The President's Men
33%
61 Peck VS Mitchum Cape Fear
33%
39 Christmas Die Hard
33%
40 Fetus 2001 : A Space Odyssey
32%
68 October Halloween
32%
44 Reese's Pieces E.T. The Extraterrestrial
31%
28 Adultery Fatal Attraction
31%
95 Marines Full Metal Jacket
31%
80 Mrs. De Winter Rebecca
31%
71 Galore Goldfinger
30%
84 Static Poltergeist
30%
16 Forget it Chinatown
29%
31 Friendly Aliens Close Encounters Of The Third Kind
29%
12 Biplanes King Kong
29%
8 Drugs The French Connection
29%
87 Not the one with Kurt Russell The Thing From Another World
29%
47 Pods Invasion Of The Body Snatchers
28%
50 Dentist Marathon Man
28%
26 Hammett The Maltese Falcon
28%
24 Insurance Double Indemnity
27%
19 Stalag The Great Escape
27%
67 Badges ? The Treasure Of The Sierra Madre
27%
82 Klaatu barada nikto The Day The Earth Stood Still
26%
17 Brainwashing The Manchurian Candidate
26%
69 -15 = The Wild Bunch
26%
36 Car Chase Bullitt
23%
75 Vienna The Third Man
21%
41 S&W Model 29 Dirty Harry
20%
20 Marshal High Noon
20%
98 Before Fargo Blood Simple
19%
48 Scissors Dial M For Murder
19%
94 Nuclear Plant The China Syndrome
19%
34 Reverend The Night of The Hunter
19%
90 Another boat The Poseidon Adventure
19%
54 Wild Bunch Butch Cassidy and the Sundance Kid
18%
58 Whistling The Bridge On The River Kwai
18%
93 Barbara Night Of The Living Dead
17%
96 Ear Blue Velvet
16%
65 Château The Dirty Dozen
16%
63 Child Star What Ever Happened To Baby Jane ?
15%
70 Heist Dog Day Afternoon
14%
55 Blindness Wait Until Dark
14%
38 Love Triangle Notorious
13%
64 Mexico Border Touch Of Evil
12%
73 I shall never forget the weekend [...] died Laura
11%
92 Inspired by 24 Body Heat
10%
86 Painting The Picture Of Dorian Gray
10%
78 Similar to 80 Gaslight
9%
89 Aegean Sea The Guns Of Navarone
9%
97 Clock Tower Safety Last
8%
83 Garnier The Phantom Of The Opera
6%
No matching quizzes found
Score Distribution
Percent of People with Each Score
Percentile by Number Answered
Your Score History
You have not taken this quiz since the last reset